Top 10 National Teams Playing Most Matches in FIFA World Cup - Statistics

General Stats
  • This quiz has been taken 3,468 times
  • The average score is 9 of 10
Answer Stats
Matches Team % Correct
104 Brazil
99%
77 Argentina
98%
62 West Germany
98%
83 Italy
97%
57 France
96%
59 Spain
96%
60 England
95%
51 Uruguay
89%
50 Netherlands
81%
52 Mexico
76%
No matching quizzes found
Score Distribution
Percent of People with Each Score
Percentile by Number Answered
Your Score History
You have not taken this quiz